03775nam a22003377a 4500001000400000003000400004005001700008008004100025040000800066041001300074082001500087100003700102240002200139245012400161260003500285300001600320520270300336650002703039650001903066650001703085650002203102650002003124650001403144655001603158655002003174700003803194700004503232942001503277952013203292999001303424288OSt20250528074017.0250317b |||||||e |||| 00| 1 eng d bpor hengapor a823bB869m1 aBrontë, Emily,d1818-18489177 aWuthering Heights aO morro dos ventos uivantes /cBrontë, Emily ; Tradução de Marcia Heloisa e Ilustração de Luciana Vasconcelos aRio de JaneirobDarkSidec2021 a410 p.bil. aTurbulência, impetuosidade e misticismo. Originalmente publicado em 1847, O Morro dos Ventos Uivantes, de Emily Brontë, combina paixão e trevas de maneira surpreendente ― emoções que os leitores apaixonados pela DarkLove, marca da DarkSide® Books que revela as novas vozes femininas da literatura, conhecem bem. Um dos grandes romances das irmãs Brontë, este clássico que apresenta uma história fantasmagórica de obsessão, vingança e paixões intensas ganha agora uma edição limitada com uma nova capa. Na trama, o órfão Heathcliff é acolhido ainda criança pela família Earnshaw e apaixona-se pela pequena Catherine. O afeto, embora correspondido, transforma-se num amor impossível. Tal vínculo devastador é envolto por uma atmosfera sombria e um teor dramático e audaz que consolidaram Emily Brontë como uma das rainhas da literatura inglesa. Publicado sob o pseudônimo Ellis Bell, O Morro dos Ventos Uivantes não foi bem recebido pela crítica; sua atmosfera lúgubre e estrutura inovadora chocaram a sociedade da época, e os temas impactantes eram sensíveis à moral vitoriana. Por muito tempo pensou-se que o livro havia sido escrito por um homem, até que, em 1850, passou a ser publicado com o nome verdadeiro da autora. História vertiginosa, O Morro dos Ventos Uivantes cativa pela complexidade de seus personagens. Todos são humanos e passionais, e tão fascinantes que ultrapassaram as barreiras do tempo e permanecem na memória de leitores em todo o mundo. Único romance escrito por Emily Brontë, esta obra-prima concentra toda a perspicácia, imaginação e autenticidade da autora em uma narrativa hipnotizante. A edição limitada traz uma capa nova, mas mantem o conteúdo que já apaixonou muitos darksiders: as ilustrações de Luciana Vasconcelos, a tradução de Marcia Heloisa e uma seleção de extras para aprofundar ainda mais a experiência da leitura: introdução DarkSide, dois prefácios de Charlotte Brontë, trechos biográficos de Emily assinados por Elizabeth Gaskell, um ensaio que Emily escreveu em francês, linha do tempo, resenhas da época e uma mini biografia poética da autora. DarkLove Classics DarkLove Classics é uma marca que reúne histórias inovadoras escritas por mulheres à frente de seu tempo: vozes do passado que abriram caminho para autoras no presente. Os títulos mais amados da literatura clássica agora têm lugar reservado na DarkSide® Books, em uma homenagem aos corações românticos e valentes que nos trouxeram até aqui. A força da escrita feminina, onde tudo começou. Mulheres eternas, clássicas e imortais. 0aLiteratura Inglesa989 0aMistério942 0aSombrio9178 0aPsicológico985 0aClássicos977 0aFilme926 0aRomance923 0aFicção 922 aMarcia HeloisaeTradução9541 aLuciana VasconceloseIlustração9542 2ddcn0cBK 00102ddc40708FICaBIBIBbBIBIBcLEd2025-03-17edoaçãol0o823 / B869mp2025-17243r2025-03-17 09:42:16w2025-03-17yBK c288d288